| 000 | 00393nam a22001457a 4500 | ||
|---|---|---|---|
| 003 | macl | ||
| 005 | 20181113170118.0 | ||
| 008 | 181113b xxu||||| |||| 00| 0 eng d | ||
| 040 | _cmacl | ||
| 100 |
_aPratiyogita Darpan _9167 |
||
| 245 | _aIndian National Movement & Constitutional Development | ||
| 260 |
_aAgra _b Pratiyogita Darpan _c 2018 |
||
| 650 |
_aPolitics _973203 |
||
| 942 |
_2ddc _cBK |
||
| 999 |
_c58573 _d58573 |
||